G18-荣乌高速公路途径行政区 - Statistics

General Stats
  • This quiz has been taken 14 times
    12 since last reset
  • The average score is 14 of 15
Answer Stats
Answer % Correct
威海
100%
烟台
100%
青岛
100%
潍坊
100%
东营
100%
滨州
100%
沧州
100%
鄂尔多斯
100%
乌海
100%
天津
89%
廊坊
89%
保定
89%
大同
89%
呼和浩特
89%
朔州
78%
No matching quizzes found
Score Distribution
Percent of People with Each Score
Percentile by Number Answered
Your Score History
You have not taken this quiz since the last reset